00417nam a2200145Ia 4500008004100000041000900041082001500050100001800065245002600083260003700109300000800146650000800154999001700162952009200179230718s9999 xx 000 0 und d aEng. a346bCHI-N aChilds, Penny 0aNutcases Criminal Law aPakistanbSweet and Moudlec1999 a163 aLaw c28376d28376 00104070aSIRC-LbSIRC-Ld2023-07-18l0o346 CHI-Np23328r2023-07-18w2023-07-18yBK